Netherlands Indies issue. (Record no. 37305)

MARC details
000 -LEADER
fixed length control field 00422cam a22001697 4500
001 - CONTROL NUMBER
control field ltf89002023
003 - CONTROL NUMBER IDENTIFIER
control field DLC
005 - DATE AND TIME OF LATEST TRANSACTION
control field 20260227111549.0
008 - FIXED-LENGTH DATA ELEMENTS--GENERAL INFORMATION
fixed length control field 891205s1941 xx 000 0 eng
010 ## - LIBRARY OF CONGRESS CONTROL NUMBER
LC control number ltf89002023
040 ## - CATALOGING SOURCE
Original cataloging agency DLC
Transcribing agency DLC
050 00 - LIBRARY OF CONGRESS CALL NUMBER
Classification number 4TL 311
110 2# - MAIN ENTRY--CORPORATE NAME
Corporate name or jurisdiction name as entry element Bataafsche Petroleum Maatschappij.
245 10 - TITLE STATEMENT
Title Netherlands Indies issue.
260 ## - PUBLICATION, DISTRIBUTION, ETC.
Place of publication, distribution, etc. Sourabaya
Date of publication, distribution, etc. [1941]
300 ## - PHYSICAL DESCRIPTION
Extent 1 v. (various pagings)

No items available.

Powered by Koha